Sociología

保存先:
書誌詳細
主要な著者: Giddens, Anthony (著者), Sutton, Philip W (著者)
フォーマット: 図書
言語:スペイン語
出版事項: Madrid Alianza 2009
版:6a. ed
主題:
タグ: タグ追加
タグなし, このレコードへの初めてのタグを付けませんか!

MARC

LEADER 00000cam a2200000 a 4500
001 UCE1474
003 CL-VaPUC
008 140414e20090000sp |||||||||||||||||spa|d
020 |a 9788420684673 
082 0 4 |a 301  |b GID  |2 21 
100 0 |a Giddens, Anthony  |e author  |9 467769 
700 0 |a Sutton, Philip W  |e author  |9 573808 
245 1 0 |a Sociología 
250 |a 6a. ed 
300 |a 1259 p 
942 |c BK 
945 |d 20140414  |a dcastane 
260 |a Madrid  |b Alianza  |c 2009 
650 0 |a Cultura y sociedad  |9 367502 
650 0 |a Grupos sociales  |9 268887 
650 0 |a Psicología social   |9 222894 
650 0 |a Sociología   |9 255410 
650 0 |a Sociedad  |9 307903 
583 |a last modification  |c 20140424 12:34:58  |k Rodrigo Vera 
999 |c 355253  |d 355251 
952 |0 0  |1 0  |3 erb  |4 0  |6 301_000000000000000_GID_2009  |7 0  |8 R  |9 461831  |a BIBGIM  |b BIBGIM  |i 5068266  |o 301 GID 2009  |p 5068266  |r 2025-01-15  |w 2019-11-23  |y BK_R  |z Catalogado en:20140414  |k SSL 
952 |0 0  |1 0  |3 erb  |4 0  |6 301_000000000000000_GID_2009  |7 0  |8 R  |9 461832  |a BIBGIM  |b BIBGIM  |i 5068274  |o 301 GID 2009  |p 5068274  |r 2025-01-15  |w 2019-11-23  |y BK_R  |z Catalogado en:20140414  |k SSL 
952 |0 0  |1 0  |3 erb  |4 0  |6 301_000000000000000_GID_2009  |7 0  |8 R  |9 461833  |a BIBGIM  |b BIBGIM  |i 5068304  |l 1  |o 301 GID 2009  |p 5068304  |r 2025-01-15  |s 2021-01-12  |w 2019-11-23  |y BK_R  |z Catalogado en:20140414  |k SSL 
952 |0 0  |1 0  |3 erb  |4 0  |6 301_000000000000000_GID_2009  |7 0  |8 R  |9 461834  |a BIBGIM  |b BIBGIM  |i 5068312  |o 301 GID 2009  |p 5068312  |r 2025-01-15  |w 2019-11-23  |y BK_R  |z Catalogado en:20140414  |k SSL 
952 |0 0  |1 0  |3 erd  |4 0  |6 301_000000000000000_GID_2009  |7 0  |8 R  |9 461835  |a BIBGIM  |b BIBGIM  |i 5145635  |o 301 GID 2009  |p 5145635  |r 2025-01-15  |w 2019-11-23  |y BK_R  |z Catalogado en:20150416  |k SSL